000
00294nam a22001217a 4500
008
230704b xxu||||| |||| 00| 0 eng d
082
_a
362.1
_b
WHO 2003
245
_a
Bulletin
_b
World Health Organization
260
_b
WHO
_c
2003
300
_a
159p
440
_n
12
_v
81
_x
02512432
942
_2
ddc
_c
BK
999
_c
3794
_d
3794